España en la construcción de una política europea de inmigración
ISBN:
84-87072-45-3
Descripción Física:
167 p. ; 30 cm
MARC
| LEADER | 00000nam a2200000Ia 4500 | ||
|---|---|---|---|
| 001 | 16731 | ||
| 008 | 160829s2005 xx 000 0 cat d | ||
| 020 | |a 84-87072-45-3 | ||
| 080 | |a M-5-74 | ||
| 100 | |a Seminario Inmigración y Europa |9 27016 | ||
| 245 | |a España en la construcción de una política europea de inmigración | ||
| 260 | |a Barcelona : |b Fundació CIDOB : |b Diputació de Barcelona, |c 2005 | ||
| 300 | |a 167 p. ; |c 30 cm | ||
| 650 | 0 | |a Emigració i immigració |9 30616 | |
| 650 | 0 | |a Congressos i conferències |9 48301 | |
| 651 | 0 | |a Europa |9 51026 | |
| 710 | 2 | |a Centre d'Informació i Documentació Internacionals a Barcelona (CIDOB) |9 52934 | |
| 710 | 1 | |a Barcelona (Catalunya : Província). |b Diputació |9 52408 | |
| 901 | |a Arxiu | ||
| 942 | |n 1 | ||
| 952 | |0 0 |1 0 |4 0 |6 M574 |7 1 |9 44242 |a Arxiu |b Arxiu |d 2016-12-01 |l 0 |o M-5-74 |p 16731 |r 2016-12-01 00:00:00 |w 2016-12-01 |y ARXIU | ||
| 999 | |c 46822 |d 46822 | ||